Features on Kendrick Lamar Albums - Statistics

General Stats
  • This quiz has been taken 147 times
    116 since last reset
  • The average score is 21 of 48
Answer Stats
Song Answer % Correct
luther SZA
92%
gloria SZA
92%
Poetic Justice Drake
88%
Money Trees Jay Rock
88%
LOYALTY. Rihanna
88%
Compton Dr. Dre
80%
The Recipe - Bonus Track Dr. Dre
80%
XXX. U2
73%
Savior Baby Keem
71%
Snoop Dogg
71%
Silent Hill Kodak Black
69%
Roddy Ricch
64%
LOVE. Zacari
64%
_____s Outro Ab-Soul
59%
Real Anna Wise
59%
Anna Wise
59%
Anna Wise
59%
Father Time Sampha
59%
Thundercat
58%
Thundercat
58%
peekaboo Az Chike
46%
Now Or Never - Bonus Track Mary J. Blige
44%
m.A.A.d city MC Eiht
44%
tv off Lefty Gunplay
42%
Die Hard Blxst
41%
hey now Dody6
39%
Ghostface Killah
37%
Complexion (A Zulu Love) Rapsody
36%
Purple Hearts Summer Walker
36%
Institutionalized Bilal
29%
These Walls Bilal
29%
Mother I Sober Beth Gibbons
25%
Wesley's Theory George Clinton
25%
Peysoh
24%
dodger blue Wallie the Sensei
24%
How Much A Dollar Cost James Fauntleroy
20%
Sam Dew
20%
Mr. Morale Tanna Leone
19%
We Cry Together Taylour Paige
19%
Amanda Reifer
17%
Kush & Corinthians BJ The Chicago Kid
17%
gnx Hitta J3
15%
YoungThreat
15%
Poe Mans Dreams (His Vice) GLC
14%
Siete7x
12%
Ronald Isley
10%
Keisha's Song (Her Pain) Ashtro Bot
8%
No Make-Up (Her Vice) Colin Monroe
7%
No matching quizzes found
Score Distribution
Percent of People with Each Score
Percentile by Number Answered
Your Score History
You have not taken this quiz since the last reset